| 000 | 01042nam a2200301 a 4500 | ||
|---|---|---|---|
| 001 | 000044150 | ||
| 003 | DO-SdBPM | ||
| 005 | 20250704102043.0 | ||
| 007 | ta | ||
| 008 | 140602s2012 dr a 000 c spa d | ||
| 020 | _a9789945492125 | ||
| 040 |
_aDO-SdBPM _bspa _cBPMSU _erda |
||
| 082 | 4 |
_aRD863.44 _bC822c 2012 _222 |
|
| 100 | 1 |
_aCoronado, Dinorah _eautora |
|
| 245 | 1 | 4 |
_aLos cuentos del candado que no están contados / _cDinorah Coronado ; ilustración Juan E. Madera Ramírez. |
| 264 |
_aSanto Domingo : _bEditora Nacional, _c2012 |
||
| 300 |
_a58 páginas : _bilustraciones ; _c24 cm. |
||
| 336 |
_atexto _btxt _2rdacontent |
||
| 337 |
_asin mediación _bn _2rdamedia |
||
| 338 |
_avolumen _bnc _2rdacarrier |
||
| 500 | _aIncluye datos biográficos del autor en las solapas | ||
| 590 | _aInventariado, 2025/VM | ||
| 650 | 7 | _aCuentos infantiles dominicanso | |
| 650 | 7 | _aLiteratura infantil dominicana | |
| 700 | 1 |
_aMadera Ramírez, Juan E. _eilustraciones |
|
| 910 | _aVMAteo V. Control de calidad BPMSU | ||
| 942 |
_2ddc _cBK |
||
| 999 |
_c7249 _d7249 |
||